000 00695nam a22002177a 4500
003 DO-SdBNP
005 20211020121449.0
007 ta
008 211020b2018 dr ||||| |||| 00| 0 spa d
020 _a9789993498063
040 _aDO-SdBNP
_bspa
_cBNPHU
100 1 _aGuzmán Núñez, Antonio
_980289
245 1 0 _aEnigmas de mi baúl
_c Antonio Guzmán Núñez ; prólogo : Martha Ortiz.
260 _aSanto Domingo :
_bImpresos Mayobanex, SRL.
_c2018.
300 _a136 p. ;
_c21 cm.
500 _aIncluye datos biográficos del autor en la contracubierta.
590 _aInventariado, 2021 /LP
700 1 _aOrtiz, Martha,
_epról.
_980290
910 _aLopérez
942 _2ddc
_cLBS1
999 _c50789
_d50789